000 00381nam a2200133 4500
999 _c510820
_d510820
008 190902b ||||| |||| 00| 0 eng d
100 _aHabib, Irfan
_99410
245 _aJallianwala Bagh massacre: the first wave of mass struggle and its aftermath, 1919-26.
260 _c2019
300 _ap.3-7.
773 _aSocial Scientist
906 _aHistory - India
942 _2ddc
_cAR